New Orleans Pelicans Quiz - Statistics

General Stats
  • This quiz has been taken 92 times
  • The average score is 11 of 20
Answer Stats
Answer % Correct
Western
96%
Cool Black
89%
Crimson
88%
0
83%
1
83%
Hornets
82%
Bronze (Metallic)
71%
New Orleans, Louisiana
66%
Southwest
65%
New Orleans/Oklahoma City
63%
2002
60%
Smoothie King Center
58%
7
46%
Alvin Gentry
43%
Gayle Benson
27%
Pete Maravich
24%
Trajan Langdon
12%
Zatarain's
12%
Dennis Lauscha
10%
Erie BayHawks
8%
No matching quizzes found
Score Distribution
Percent of People with Each Score
Percentile by Number Answered
Your Score History
You have not taken this quiz